| 000 | 01194cam a22002891i 4500 | ||
|---|---|---|---|
| 003 | SA-RiAUC | ||
| 005 | 20241030072705.0 | ||
| 008 | 241029s2005 su g 0000p ara c | ||
| 020 | _a9960466957 | ||
| 040 |
_aSA-MaUQU _bara _cSA-RiAUC _erda |
||
| 050 | 4 | _b.Z37 2005 | |
| 082 | 0 | 4 |
_a811.9 _qSA-RiAUC |
| 090 |
_a811.9 _bز ق ز |
||
| 100 | 1 |
_aزقزوق، مصطفى عبد الواحد، _d1355 هجري- _eمؤلف. |
|
| 245 | 1 | 2 |
_aالأعمال الشعرية الكاملة / _cمصطفى عبد الواحد زقزوق. |
| 250 | _aالطبعة الأولى. | ||
| 264 | 1 |
_aجدة، السعودية : _bعبد المقصود محمد سعيد خوجة، _c2005 |
|
| 300 |
_a216 صفحة ؛ _c24 سم. |
||
| 336 |
_aنص _btxt _2rdacontent _3كتاب |
||
| 337 |
_aبدون وسيط _bn _2rdamedia |
||
| 338 |
_aمجلد _bnc _2rdacarrier |
||
| 490 | 0 |
_aكتاب الأثنينية ؛ _v29 |
|
| 500 | _aصدرت هذه الأعمال بمناسبة مكة المكرمة عاصمة الثقافة الإسلامية. | ||
| 650 | 7 |
_aالشعر العربي _zالسعودية _yقرن 14 هجري. _2aucsh |
|
| 942 |
_2ddc _cBOOK _n0 |
||
| 949 |
_aSA-JeALM _d241029 _ukhaled123 _n1 |
||
| 999 |
_c1893 _d1893 |
||